[Event "ICS rated blitz match"]
[Site "207.99.83.227"]
[Date "1999.05.19"]
[Round "?"]
[White "rajah"]
[Black "Hossa"]
[Result "1-0"]
[WhiteElo "2485"]
[BlackElo "2443"]
[Annotator "Fritz 5.32 (22s)"]
[PlyCount "141"]

1. d4 1... d5 {Opening = D35 - 3.Nc3 Nf6(4.cd5 ed5 5.Bg5 c6 6.---)} 2. c4 e6 3.
cxd5 exd5 4. Nc3 Nf6 5. Nf3 Bb4 6. e3 (6. Bf4 O-O 7. e3 Ne4 8. Qb3 Nc6 9. Be2
a5 10. O-O Bxc3 11. bxc3 g5 12. Bg3 g4 13. Bh4 gxf3 14. Bxd8 fxe2 15. Rfe1 Rxd8
16. Rxe2 b6 17. f3 Ba6 18. Ree1 Nf6 19. e4 Bc4 20. Qc2 20... Nh5 {
Nill,O-Grafl,F/DEM U15 Pinneberg 1996/1-0 (60)}) 6... O-O 7. Bd3 Nbd7 8. Bd2
$146 (8. a3 Bxc3+ 9. bxc3 Re8 10. Qb3 c6 11. c4 Nf8 12. Bd2 b6 13. Ne5 Bb7 14.
Nf3 Ne6 15. O-O c5 16. Rac1 Rc8 17. Rfe1 dxc4 18. Bxc4 Bxf3 19. Bxe6 Rxe6 20.
gxf3 cxd4 21. Rxc8 Qxc8 22. exd4 22... Rxe1+ {
Hecker,M-Grewe,B/RL-chJ U15 Mendig 1994/0-1 (38)}) 8... Nb6 9. O-O (9. Qc2 9...
c6 $11) 9... Bg4 10. Rc1 Re8 11. Re1 Rc8 12. a3 Bxc3 13. Bxc3 ({Und nicht} 13.
bxc3 13... Ne4 $17) 13... Ne4 14. h3 Bh5 15. Be2 Bxf3 16. Bxf3 Qh4 17. Bxe4
Rxe4 18. Qd3 c6 19. b3 {Kontrolliert a4+c4} 19... Rce8 20. f3 $15 (20. Ba5
20... Nc8 $11) 20... R4e6 21. Bb4 Qg3 22. Re2 22... Qg5 {Wird e3 fallen?} (
22... Nc8 23. Rce1 $15) 23. Rcc2 $15 (23. Rce1 23... f5 $11) 23... Rh6 $11 (
23... Nd7 24. Bd2 $15) 24. e4 (24. Bd2 24... Qh5 $11) 24... Rhe6 25. e5 {
Weiss gewinnt Raum} 25... Rg6 26. Bd2 Qh4 27. Be3 Ree6 28. Qf5 Qe7 29. a4 Qa3
30. Qd3 30... a6 $16 (30... Qe7 $5 $11 $142 {ist zu erwaegen}) 31. f4 f5 32.
Rc3 $14 (32. g4 h5 (32... fxg4 $2 33. f5 $18) 33. Qxf5 33... Qxb3 $14) 32...
Qf8 33. Bc1 Nd7 34. Bb2 Re8 35. Qf3 Ree6 36. Ree3 a5 37. Kh1 (37. Rc1 37... b6
$14) 37... Rh6 (37... Re8 38. Bc1 $11) 38. Qg3 Rhg6 39. Qh4 Rh6 40. Qf2 Qe7 41.
Kg1 Qh4 42. Qf3 Rhg6 43. Rc2 43... Kh8 $16 (43... Re8 $5 $14) 44. Bc3 b6 45. b4
{Weiss erhaelt starke Initiative} 45... axb4 46. Bxb4 Re8 47. Bd6 47... Rc8 $18
(47... c5 48. dxc5 d4 49. Rb3 bxc5 50. Bxc5 $16) 48. Qf1 $16 (48. Rec3 $5 48...
c5 49. Qxd5 49... Rg8 $18) 48... Re6 49. Rec3 c5 50. dxc5 d4 51. Rc4 bxc5 52.
Bxc5 {Die Oeffnung der c-Linie verschafft Weiss Drohungen} 52... Nxc5 53. Rxc5
{Es droht Matt} 53... Rxc5 (53... Rd8 $5 54. Rc7 $16) 54. Rxc5 Re8 55. Rd5 g5
56. Rxd4 56... gxf4 $2 (56... Qg3 $18) 57. Rxf4 {Mit der Mattdrohung Rxh4}
57... Qe7 58. Rxf5 Rg8 (58... Kg7 {waere gleichermassen fruchtlos} 59. Qc4 $18)
59. Qa6 (59. e6 {ist genauer} 59... Re8 $18) 59... Rg6 60. Qa8+ {
Die Partie wird im Koenigsangriff beendet} 60... Rg8 61. Qe4 Qa3 (61... Qe6 {
kann das Vorangegangene nicht ungeschehen machen} 62. a5 $18) 62. e6 {
Droht Matt} 62... Qc3 (62... Qc1+ {ist vielleicht noch ein Schwindelversuch}
63. Rf1 Qc5+ 64. Kh1 64... Re8 $18) 63. e7 {Mit der Mattdrohung e8Q} 63... Qc1+
64. Rf1 {Es droht Matt} 64... Qc5+ 65. Kh1 {Droht Matt: e8Q} 65... h5 (65...
Re8 {ist noch eine Idee} 66. Rf7 Qc1+ 67. Kh2 67... Qh6 $18) 66. e8=Q Qg1+ 67.
Kxg1 Rxe8 68. Qxe8+ Kh7 (68... Kg7 {macht keinen grossen Unterschied} 69. Rf7+
Kg6 70. Qe6+ Kg5 71. Qf6#) 69. Rf7+ Kg6 70. Qe6+ Kg5 71. Qf6# 1-0

[Event "ICS Rated blitz match"]
[Site "207.99.83.227"]
[Date "1999.05.19"]
[Round "?"]
[White "Amateur"]
[Black "Hossa"]
[Result "1-0"]
[WhiteElo "2486"]
[BlackElo "2429"]
[PlyCount "183"]

1. e4 c5 2. Nf3 Nc6 3. d4 cxd4 4. Nxd4 Nf6 5. Nc3 e6 6. Bb5 Bb4 7. Nxc6 Bxc3+
8. bxc3 bxc6 9. Bd3 Qa5 10. Bd2 d6 11. O-O O-O 12. c4 Qe5 13. Qf3 Rb8 14. Bf4
Qc5 15. Qe3 Qxe3 16. Bxe3 a5 17. a4 Bd7 18. Bd2 c5 19. Rfe1 Ra8 20. e5 Ne8 21.
Re3 f6 22. Rh3 fxe5 23. Bxh7+ Kf7 24. Be4 Ra7 25. Rb3 Nf6 26. Bd3 e4 27. Be2
Ra6 28. Be3 Kg8 29. Bg5 Bc6 30. c3 Kh8 31. Rbb1 Bd7 32. Rb2 Kh7 33. Be3 Kg8 34.
Bg5 e5 35. h3 Kh8 36. Be3 Nh7 37. Rb3 Be8 38. Bf1 Bc6 39. Be2 Nf6 40. Rb2 Ra7
41. Rb6 Rc8 42. Bd1 Nd7 43. Rb2 Re8 44. Rab1 Ra6 45. Bg5 Kg8 46. Be3 Re6 47.
Bc2 Ra8 48. Bd1 Rg6 49. Kh1 Rf8 50. Bg4 Kh8 51. Bd1 Rgf6 52. Kg1 Rg6 53. Bg4
Rg8 54. Rd1 Bxa4 55. Ra1 Bc6 56. Rxa5 Nb8 57. Ra7 Rf6 58. Rb3 Rgf8 59. Rc7 Ba4
60. Rb6 Rg8 61. Bc8 Nc6 62. Ra6 Bb3 63. Raxc6 Bxc4 64. Bg5 Rg6 65. Be7 e3 66.
fxe3 Bd5 67. Rxd6 Rxg2+ 68. Kf1 Bf3 69. Bg4 Rxg4 70. hxg4 Re8 71. g5 Be4 72.
Rd2 Kg8 73. Bd6 Bb1 74. Rxc5 e4 75. c4 Bd3+ 76. Kf2 Re6 77. Rc8+ Kh7 78. c5 Kg6
79. Bf4 Re7 80. c6 Re6 81. c7 Ba6 82. Rb8 Rc6 83. Ra2 Bc4 84. Rc2 Rxc7 85. Rb6+
Kf7 86. Bxc7 Bd3 87. g6+ Ke8 88. Rc5 Bc4 89. Rxc4 Ke7 90. Be5 Kd7 91. Rc7+ Ke8
92. Rb8# {Hossa checkmated} 1-0

[Event "ICS Rated blitz match"]
[Site "207.99.83.227"]
[Date "1999.05.19"]
[Round "?"]
[White "Hossa"]
[Black "Amateur"]
[Result "1/2-1/2"]
[WhiteElo "2416"]
[BlackElo "2499"]
[PlyCount "231"]

1. Nf3 Nf6 2. b3 g6 3. Bb2 Bg7 4. c4 O-O 5. g3 c6 6. Bg2 d5 7. O-O dxc4 8. bxc4
Na6 9. Be5 Be6 10. Qc1 Qd7 11. Ng5 Bg4 12. f3 Bh5 13. Bh3 Qd8 14. Qb2 h6 15.
Ne4 g5 16. Bg4 Bxg4 17. fxg4 Ne8 18. Rf2 Bxe5 19. Qxe5 Ng7 20. Kh1 b6 21. Na3
Qc7 22. Qxc7 Nxc7 23. Raf1 Nce6 24. Nc2 Rad8 25. d3 Nd4 26. Nb4 a5 27. Na6 Ra8
28. Nc7 Ra7 29. e3 Rxc7 30. exd4 b5 31. Nc5 f6 32. Re1 Rd8 33. Re4 Kf7 34. Rfe2
Ra7 35. h4 a4 36. a3 Rg8 37. Rb2 Rb8 38. Re3 Ra5 39. d5 cxd5 40. cxd5 Ne8 41.
Ne6 Rc8 42. Nd4 Nc7 43. Rxe7+ Kxe7 44. Nc6+ Kd6 45. Nxa5 Kxd5 46. Rf2 Rf8 47.
Rc2 Ne6 48. Nc6 Rf7 49. Nb4+ Kd4 50. Rc6 Ke5 51. h5 Nc7 52. Rb6 Kd4 53. Rb7 Kc5
54. d4+ Kd6 55. Rb6+ Ke7 56. Nc6+ Ke8 57. Rb7 Rd7 58. Na7 b4 59. Rxb4 Na6 60.
Rb6 Rxa7 61. Rxf6 Nc7 62. Rxh6 Rb7 63. Rc6 Kd8 64. Kh2 Nb5 65. Ra6 Nxd4 66.
Rxa4 Rb2+ 67. Kg1 Ne2+ 68. Kf1 Nxg3+ 69. Kg1 Ne2+ 70. Kf1 Nf4 71. Ra5 Rb6 72.
Ke1 Re6+ 73. Kd2 Nh3 74. Ra8+ Ke7 75. Ra7+ Kf6 76. Ra5 Re4 77. Rf5+ Kg7 78. Rf3
Nf4 79. Re3 Ra4 80. Kc1 Nd5 81. Re5 Nf6 82. Rxg5+ Kh7 83. Kc2 Nxg4 84. Kb3 Rf4
85. a4 Kh6 86. Ra5 Nf6 87. Ra6 Kxh5 88. Rxf6 Rxf6 89. Kc4 Rf5 90. Kb4 Rf4+ 91.
Kb5 Rf5+ 92. Kb4 Kg4 93. a5 Kf3 94. a6 Rf7 95. Kb5 Rf5+ 96. Kb6 Rf6+ 97. Kb7
Rf7+ 98. Kb6 Rg7 99. Kc6 Ke4 100. Kb6 Rf7 101. Kc6 Rh7 102. Kb6 Rg7 103. Kc6
Rf7 104. Kb6 Rd7 105. Kc6 Re7 106. Kb6 Rh7 107. Kc6 Kd4 108. Kb6 Rh6+ 109. Kb7
Rh7+ 110. Kb6 Rg7 111. a7 Rg8 112. Kb7 Rg7+ 113. Kb8 Rg8+ 114. Kb7 Rg7+ 115.
Kb8 Rg8+ 116. Kb7 {Game drawn by repetition} 1/2-1/2

[Event "ICS Rated blitz match"]
[Site "207.99.83.227"]
[Date "1999.05.19"]
[Round "?"]
[White "Amateur"]
[Black "Hossa"]
[Result "0-1"]
[WhiteElo "2495"]
[BlackElo "2420"]
[PlyCount "156"]

1. e4 g6 2. d4 Bg7 3. c4 c5 4. dxc5 Na6 5. Nf3 Nxc5 6. e5 Nh6 7. Be2 Ng4 8. Qd5
d6 9. exd6 exd6 10. h3 Be6 11. Qd1 Ne5 12. Nxe5 dxe5 13. Qxd8+ Rxd8 14. O-O Nd3
15. Na3 e4 16. Rb1 Nxc1 17. Rfxc1 O-O 18. b4 Rd2 19. Rc2 Rfd8 20. Kf1 Rxc2 21.
Nxc2 Rd2 22. Ne3 Rxa2 23. Rd1 h5 24. Nd5 Rc2 25. c5 Rb2 26. b5 Be5 27. c6 bxc6
28. Ne7+ Kh7 29. Nxc6 Bb3 30. Nxe5 Bxd1 31. Bxd1 Rxb5 32. Nc6 Rb7 33. Ke2 f5
34. Ke3 h4 35. f3 Rc7 36. Ne5 Rc1 37. Ba4 Rg1 38. Bd7 exf3 39. Kxf3 Re1 40. Nd3
Re7 41. Bc6 g5 42. Bd5 Rd7 43. Bc4 g4+ 44. Ke3 Re7+ 45. Kd4 gxh3 46. gxh3 Re4+
47. Kd5 Re3 48. Nf4 Kh6 49. Bb5 Kg5 50. Ne6+ Kf6 51. Nd4 Rxh3 52. Nxf5 Kg5 53.
Ng7 Kf4 54. Ne6+ Kg3 55. Ng5 Rh1 56. Ne4+ Kh2 57. Nf2 Ra1 58. Kc4 Kg2 59. Nd3
h3 60. Nf4+ Kg3 61. Ne2+ Kf2 62. Nc3 Ke3 63. Nd5+ Kd2 64. Nf6 h2 65. Ne4+ Ke3
66. Ng3 Rg1 67. Nf5+ Kf4 68. Nd4 Rc1+ 69. Kb4 Rb1+ 70. Ka5 h1=Q 71. Nc6 Rxb5+
72. Kxb5 Qd5+ 73. Ka6 Qxc6+ 74. Kxa7 Ke5 75. Kb8 Kd6 76. Ka7 Qb5 77. Ka8 Kc7
78. Ka7 78... Qa5# {Amateur checkmated} 0-1

[Event "ICS Rated blitz match"]
[Site "207.99.83.227"]
[Date "1999.05.19"]
[Round "?"]
[White "Quaestor"]
[Black "Hossa"]
[Result "1-0"]
[WhiteElo "2719"]
[BlackElo "2439"]
[PlyCount "149"]

1. c4 Nf6 2. Nc3 e5 3. g3 Bb4 4. Bg2 O-O 5. Nf3 d6 6. O-O Nc6 7. d3 Bg4 8. Bg5
Bxc3 9. bxc3 h6 10. Be3 Qd7 11. Rb1 Rfb8 12. d4 Bh3 13. Kh1 Bxg2+ 14. Kxg2 Qf5
15. h3 e4 16. Nd2 Qa5 17. Qc2 Qh5 18. f3 exf3+ 19. Rxf3 a6 20. g4 Qh4 21. Bf2
Qg5 22. Rf5 Qg6 23. e4 h5 24. g5 Ne7 25. Nf3 Nd7 26. Nh4 Qh7 27. Rf3 b5 28. Qe2
Nf8 29. Rg1 bxc4 30. Kh2 c6 31. Bg3 Nfg6 32. Nf5 Rd8 33. Nxd6 h4 34. Nxf7 hxg3+
35. Rgxg3 Rdb8 36. Rf1 Qh4 37. Rg4 Qh5 38. Nd6 Kh8 39. e5 Nd5 40. Nxc4 Nxc3 41.
Qg2 Nd5 42. Re4 Ra7 43. Na5 Rb6 44. Nb3 Re7 45. Nc5 Nc3 46. Re3 Nb5 47. Rb3 Re8
48. a4 Rd8 49. axb5 cxb5 50. Rd3 a5 51. Rf7 Rbb8 52. e6 Rf8 53. Rdf3 Rxf7 54.
Rxf7 Nh4 55. Qf2 Kg8 56. d5 Qxg5 57. Qg3 Qxg3+ 58. Kxg3 Ng6 59. d6 Ra8 60. Rb7
b4 61. Nb3 Kh7 62. Nd4 Ne5 63. Rb5 Ng6 64. Nc6 a4 65. Nb8 a3 66. d7 Rxb8 67.
Rxb8 a2 68. Ra8 Nf8 69. d8=Q a1=Q 70. Rxa1 Nxe6 71. Qe7 Nc5 72. Qxc5 Kg8 73.
Qd5+ Kh8 74. Ra8+ Kh7 75. Qh5# {Hossa checkmated} 1-0

[Event "ICS Rated blitz match"]
[Site "207.99.83.227"]
[Date "1999.05.19"]
[Round "?"]
[White "Hossa"]
[Black "rajah"]
[Result "0-1"]
[WhiteElo "2434"]
[BlackElo "2499"]
[PlyCount "126"]

1. e3 c5 2. Nf3 d5 3. Be2 Nc6 4. d4 cxd4 5. exd4 Nf6 6. O-O e6 7. Bg5 Bd6 8.
Nbd2 O-O 9. c4 dxc4 10. Nxc4 Be7 11. Rc1 Qd5 12. Qd3 Rd8 13. Rfd1 Bd7 14. Nfe5
Rac8 15. Bf3 Qb5 16. Qe2 Nb4 17. a3 Nbd5 18. Re1 b6 19. Bh5 Nxh5 20. Bxe7 Nhf4
21. Qf3 Nxe7 22. Qxf4 Be8 23. Qg4 Nf5 24. d5 Rxd5 25. Rcd1 Rdc5 26. Re4 f6 27.
b4 Rxe5 28. Nxe5 fxe5 29. f4 h5 30. Qg5 exf4 31. Rxe6 Ne3 32. Qxb5 Bxb5 33. Re1
Rc2 34. R1xe3 fxe3 35. Rxe3 Bc6 36. Rg3 Kf8 37. h3 a5 38. bxa5 bxa5 39. Rg5 a4
40. Rf5+ Ke8 41. Rg5 Kf7 42. Rf5+ Ke6 43. Rf2 Rc3 44. Re2+ Kd6 45. Ra2 h4 46.
Kf2 Bd5 47. Ra1 Rc2+ 48. Ke1 Rxg2 49. Rd1 Rg1+ 50. Kd2 Rxd1+ 51. Kxd1 Be6 52.
Ke2 Bxh3 53. Kf3 g5 54. Ke4 Bg2+ 55. Kf5 h3 56. Kg4 h2 57. Kxg5 h1=Q 58. Kf6
Qh4+ 59. Kg6 Be4+ 60. Kf7 Qe7+ 61. Kg8 Bd5+ 62. Kh8 Qf8+ 63. Kh7 63... Be4# {
Hossa checkmated} 0-1

[Event "ICS Rated blitz match"]
[Site "207.99.83.227"]
[Date "1999.05.19"]
[Round "?"]
[White "rajah"]
[Black "Hossa"]
[Result "0-1"]
[WhiteElo "2512"]
[BlackElo "2421"]
[PlyCount "124"]

1. d4 d5 2. c4 dxc4 3. Nf3 f5 4. Na3 c3 5. bxc3 Nf6 6. e3 c6 7. Bd3 Ne4 8. Bxe4
fxe4 9. Ne5 Qd6 10. Qc2 Nd7 11. Qxe4 Nxe5 12. dxe5 Qe6 13. O-O g6 14. Nc4 Bg7
15. Ba3 O-O 16. Rad1 Qf7 17. Qd4 Be6 18. Na5 Bxa2 19. Rd2 Rfb8 20. f4 Be6 21.
Rb1 c5 22. Qa4 b6 23. Nc6 Qe8 24. e4 Rc8 25. Nxe7+ Qxe7 26. Rd6 Rf8 27. Qc6
Rae8 28. Bc1 Bc8 29. Be3 Bb7 30. Qa4 Bxe4 31. Rd7 Qxd7 32. Qxd7 Bxb1 33. Qxa7
Re6 34. Qd7 Bf5 35. Qd5 g5 36. g3 Bh3 37. Kh1 Kh8 38. Qd2 gxf4 39. gxf4 Bxe5
40. c4 Rg6 41. Qc1 Kg7 42. Bf2 Rxf4 43. Qe3 Bg2+ 44. Kg1 Be4+ 45. Kf1 Rxf2+ 46.
Qxf2 Rf6 47. Qxf6+ Kxf6 48. Kg1 Bd4+ 49. Kf1 Bd3+ 50. Ke1 Bxc4 51. h4 Kg6 52.
Kd1 Kh5 53. Ke1 Kxh4 54. Kd2 Kg5 55. Kc1 h5 56. Kd1 h4 57. Ke1 h3 58. Kd2 h2
59. Kd1 h1=Q+ 60. Kd2 Qh2+ 61. Kd1 Bb3+ 62. Ke1 62... Qf2# {rajah checkmated}
0-1

[Event "ICS Rated blitz match"]
[Site "207.99.83.227"]
[Date "1999.05.19"]
[Round "?"]
[White "Hossa"]
[Black "rajah"]
[Result "1-0"]
[WhiteElo "2441"]
[BlackElo "2492"]
[PlyCount "153"]

1. c4 e5 2. Nc3 Nf6 3. Nf3 Nc6 4. g3 d5 5. cxd5 Nxd5 6. Bg2 Nde7 7. O-O Bg4 8.
Qb3 Bxf3 9. Bxf3 Rb8 10. Bg2 h5 11. f4 Ng6 12. fxe5 Ngxe5 13. e3 Na5 14. Qb5+
Nec6 15. Qf5 f6 16. Qg6+ Ke7 17. Nd5+ Kd6 18. Qe4 Ne5 19. Nxf6 gxf6 20. Qd5+
Ke7 21. Qxa5 a6 22. d4 Nd7 23. Qf5 Qc8 24. e4 Bh6 25. e5 Bg7 26. exf6+ Nxf6 27.
Qe5+ Qe6 28. Bg5 Kd7 29. Bxf6 Bxf6 30. Rxf6 Qxe5 31. dxe5 Ke7 32. Bd5 Rh7 33.
Raf1 Rd8 34. Bxb7 Rb8 35. Bc6 Rg7 36. Rd1 Rd8 37. Bd5 Rd7 38. Rxa6 Rg5 39. Re6+
Kd8 40. Kf2 c6 41. Bf3 Rxd1 42. Bxd1 Kd7 43. Rh6 Rxe5 44. Rxh5 Re4 45. h3 Rd4
46. Ke2 Re4+ 47. Kf3 Rd4 48. Rh7+ Kd8 49. Be2 Rd2 50. Rb7 Rd6 51. Kf4 Kc8 52.
Rh7 Rd2 53. Ba6+ Kd8 54. Rb7 Rf2+ 55. Ke5 Rf3 56. Rg7 Rf2 57. a4 Rxb2 58. Kd6
Rd2+ 59. Kxc6 Rc2+ 60. Kd5 Ra2 61. Bb5 Ra1 62. Kc5 Rc1+ 63. Kb6 Rd1 64. Rd7+
Rxd7 65. Bxd7 Kxd7 66. a5 Kc8 67. Kc6 Kb8 68. a6 Ka7 69. h4 Kxa6 70. Kd5 Kb7
71. h5 Kc8 72. h6 Kd8 73. h7 Kc7 74. h8=Q Kd7 75. Qh7+ Kd8 76. Kd6 Kc8 77. Qc7#
{rajah checkmated} 1-0

[Event "ICS Rated blitz match"]
[Site "207.99.83.227"]
[Date "1999.05.19"]
[Round "?"]
[White "Hossa"]
[Black "Amateur"]
[Result "0-1"]
[WhiteElo "2459"]
[BlackElo "2476"]
[PlyCount "186"]

1. c4 e6 2. g3 d5 3. Bg2 Nf6 4. d4 dxc4 5. Qa4+ Bd7 6. Qxc4 Nc6 7. Nf3 Bb4+ 8.
Bd2 Nd5 9. Bxb4 Ndxb4 10. O-O Qe7 11. e4 Na6 12. d5 Qb4 13. Qc3 Qxc3 14. Nxc3
Ne7 15. Ne5 Bc8 16. Rac1 f6 17. Nc4 O-O 18. d6 cxd6 19. Nxd6 Nc6 20. Ncb5 e5
21. Nxc8 Raxc8 22. Nd6 Rb8 23. Rc4 Nd4 24. Ra4 Nc5 25. Rxa7 Rfd8 26. Nf5 Ne2+
27. Kh1 Rd2 28. Ne7+ Kh8 29. b3 Nc3 30. f3 Rxa2 31. Rxa2 Nxa2 32. Rb1 Rd8 33.
Nd5 Nd3 34. Bf1 Nac1 35. Bxd3 Nxd3 36. g4 Kg8 37. Kg2 Kf7 38. h4 Rc8 39. Rd1
Nc1 40. b4 Rc2+ 41. Kh3 Ke6 42. g5 Rc4 43. gxf6 gxf6 44. h5 Ne2 45. Rb1 Nd4 46.
Kg2 Rc2+ 47. Kg3 f5 48. Rf1 Rc4 49. Kf2 fxe4 50. fxe4 Nb3 51. Kg1 Rxe4 52. Nf6
Rh4 53. Nxh7 Rxh5 54. Nf8+ Kd5 55. Nd7 Rh4 56. Re1 Rxb4 57. Nxe5 Re4 58. Rb1
Rxe5 59. Rxb3 Re7 60. Kf2 Kc5 61. Rc3+ Kb4 62. Rc1 b5 63. Rb1+ Kc4 64. Rc1+ Kd3
65. Rb1 Rf7+ 66. Ke1 Rf5 67. Rd1+ Kc3 68. Rd6 b4 69. Rc6+ Kb2 70. Rd6 b3 71.
Kd2 Kb1 72. Kc3 Rf3+ 73. Kb4 b2 74. Rc6 Rf4+ 75. Kb3 Rf3+ 76. Kb4 Rf1 77. Rc8
Rf4+ 78. Kb3 Rf3+ 79. Kb4 Rg3 80. Re8 Kc1 81. Re1+ Kd2 82. Rf1 Re3 83. Kc4 Re1
84. Rf2+ Re2 85. Rf1 Kc2 86. Rf7 b1=Q 87. Rf3 Re4+ 88. Kc5 Qb4+ 89. Kc6 Re6+
90. Kc7 Qd6+ 91. Kc8 Qc6+ 92. Kb8 Re8+ 93. Ka7 93... Ra8# {Hossa checkmated}
0-1

[Event "ICS Rated blitz match"]
[Site "207.99.83.227"]
[Date "1999.05.19"]
[Round "?"]
[White "rajah"]
[Black "Hossa"]
[Result "1/2-1/2"]
[WhiteElo "2474"]
[BlackElo "2444"]
[PlyCount "95"]

1. d4 d5 2. Nf3 c5 3. dxc5 Qa5+ 4. Nc3 Nf6 5. Be3 Na6 6. Nd2 Qc7 7. Nb3 e6 8.
Bg5 Nxc5 9. Bxf6 gxf6 10. Qd4 Nd7 11. O-O-O Bh6+ 12. Kb1 O-O 13. e4 dxe4 14.
Bb5 e5 15. Qxe4 Nb6 16. g4 Kh8 17. Bd3 f5 18. gxf5 Rg8 19. f6 Rg6 20. Qh4 Bg5
21. Qh5 Bxf6 22. Bxg6 fxg6 23. Qf3 Bf5 24. Rhe1 Rc8 25. Re2 Bg7 26. h4 Nc4 27.
Qg3 Qc6 28. Ka1 Qa6 29. Rd5 e4 30. Nc5 Qc6 31. N5a4 Nxb2 32. Nxb2 Bxc3 33. Qd6
Qc4 34. Re3 Bxb2+ 35. Kxb2 Qxc2+ 36. Ka3 Qxf2 37. Qf6+ Kg8 38. Rd8+ Rxd8 39.
Qxd8+ Kf7 40. Qc7+ Kf6 41. Qc3+ Ke6 42. Qc4+ Ke7 43. Qc5+ Kf7 44. Qc7+ Kf6 45.
Qc3+ Ke6 46. Qc4+ Ke7 47. Qc5+ Kf7 48. Qc7+ {Game drawn by repetition} 1/2-1/2

[Event "ICS Rated blitz match"]
[Site "207.99.83.227"]
[Date "1999.05.19"]
[Round "?"]
[White "Hossa"]
[Black "rajah"]
[Result "1-0"]
[WhiteElo "2445"]
[BlackElo "2473"]
[PlyCount "139"]

1. d4 Nf6 2. e3 e6 3. Bb5 Be7 4. Nf3 O-O 5. O-O Nc6 6. c4 a6 7. Ba4 Na5 8. c5
b6 9. cxb6 cxb6 10. Nbd2 Bb7 11. Qe2 Rc8 12. e4 b5 13. Bd1 d5 14. e5 Ne4 15. a4
b4 16. Re1 Qd7 17. Qe3 Rfd8 18. Be2 Qc6 19. Bd3 Nxd2 20. Nxd2 Rd7 21. Bb1 Rcc7
22. Qd3 g6 23. Qg3 Qb6 24. Qf4 g5 25. Qe3 Rc6 26. Nf3 Nc4 27. Qd3 f5 28. g4
Rdc7 29. gxf5 Nxe5 30. Nxe5 Rxc1 31. Rxc1 Rxc1+ 32. Kg2 Bf6 33. fxe6 Rxb1 34.
Rxb1 Qxe6 35. Re1 Be7 36. Kh1 Qf6 37. Nd7 Qf7 38. Qe3 Bf6 39. Nxf6+ Qxf6 40.
Qe8+ Qf8 41. Qxf8+ Kxf8 42. Rc1 a5 43. Rc7 Ba6 44. Rxh7 g4 45. Ra7 Be2 46. Kg2
Bd1 47. Rxa5 Kf7 48. h4 gxh3+ 49. Kxh3 Kg6 50. Rxd5 Bxa4 51. Kg4 Bd1+ 52. Kf4
Kf7 53. Ke5 Ba4 54. f4 Ke7 55. Rc5 Bd1 56. Rc1 Bb3 57. Rc7+ Kd8 58. Rb7 Ke8 59.
Rxb4 Bf7 60. Rb8+ Kd7 61. Rb7+ Ke8 62. b3 Kf8 63. Kf6 Ke8 64. Rxf7 Kd8 65. d5
Ke8 66. d6 Kd8 67. Rc7 Ke8 68. f5 Kd8 69. Ke6 Ke8 70. Rc8# {rajah checkmated}
1-0

[Event "ICS Rated blitz match"]
[Site "207.99.83.227"]
[Date "1999.05.19"]
[Round "?"]
[White "rajah"]
[Black "Hossa"]
[Result "1-0"]
[WhiteElo "2456"]
[BlackElo "2462"]
[PlyCount "99"]

1. Nf3 g6 2. e4 c5 3. Bc4 Bg7 4. O-O Nf6 5. e5 Ng4 6. Bxf7+ Kxf7 7. Ng5+ Ke8 8.
Qxg4 Bxe5 9. Qc4 Qc7 10. Qf7+ Kd8 11. Re1 Nc6 12. Nxh7 Bxh2+ 13. Kf1 Qf4 14.
Qxg6 Kc7 15. Nc3 Qh4 16. Ng5 Rf8 17. Nf3 Rxf3 18. gxf3 Qh3+ 19. Qg2 Qh5 20. Qg4
Qf7 21. Qg5 Qxf3 22. Qg2 Qh5 23. Re3 Be5 24. Qh3 Qg6 25. Nd5+ Kd6 26. c4 e6 27.
Nc3 Nd4 28. Re4 Qg7 29. d3 Nc2 30. Bh6 Qf6 31. Rc1 Nb4 32. Bd2 Kc6 33. a3 Na6
34. Rh4 Bd4 35. Qg2+ Kc7 36. Bg5 Qf5 37. Nb5+ Kb8 38. Nxd4 cxd4 39. Qg3+ e5 40.
Rf4 Qe6 41. Rf6 Qe8 42. Re1 d6 43. Rxd6 Nc7 44. Rxe5 Qh5 45. Bd8 Qh3+ 46. Kg1
Qxg3+ 47. fxg3 Na6 48. b4 b6 49. Re7 Bg4 50. b5 {Hossa resigns} 1-0

[Event "ICS Rated bullet match"]
[Site "207.99.83.227"]
[Date "1999.05.19"]
[Round "?"]
[White "JSBach"]
[Black "Hossa"]
[Result "0-1"]
[WhiteElo "2095"]
[BlackElo "2447"]
[PlyCount "110"]

1. d4 Nf6 2. Nf3 c6 3. Bf4 d6 4. e3 Nd5 5. Bg5 Qb6 6. Qc1 Nd7 7. e4 Nc7 8. Bf4
g6 9. Bc4 Bg7 10. Be3 d5 11. Bd3 dxe4 12. Bxe4 Nf6 13. Bd3 Bg4 14. Nbd2 O-O 15.
h3 Bxf3 16. Nxf3 Ncd5 17. O-O Nb4 18. Be2 Ne4 19. a4 Nd5 20. Ra3 Nxe3 21. a5
Qb4 22. Rxe3 Bh6 23. a6 b5 24. Re1 Rae8 25. b3 c5 26. Bd3 cxd4 27. Nxd4 Qxd4
28. Bxe4 Qb6 29. Qa3 Bxe3 30. Rxe3 b4 31. Qa4 Qc5 32. Bc6 Rd8 33. Bd7 Qxc2 34.
Bc6 Rd1+ 35. Kh2 Qxf2 36. Rf3 Qg1+ 37. Kg3 Rd2 38. Rf4 Qe3+ 39. Bf3 Rxg2+ 40.
Kxg2 Qxf4 41. Qd7 Qg5+ 42. Kh2 Qf5 43. Qb7 Rc8 44. Kg3 Rc3 45. Qa8+ Kg7 46. h4
Rxb3 47. Kh2 Rxf3 48. Qxf3 Qxf3 49. Kg1 Qg3+ 50. Kf1 Qxh4 51. Ke2 Qc4+ 52. Kf3
Qd3+ 53. Kg4 h5+ 54. Kf4 f5 55. Kg5 55... Qg3# {JSBach checkmated} 0-1

[Event "ICS Rated blitz match"]
[Site "207.99.83.227"]
[Date "1999.05.19"]
[Round "?"]
[White "Hossa"]
[Black "rajah"]
[Result "0-1"]
[WhiteElo "2446"]
[BlackElo "2472"]
[PlyCount "140"]

1. c4 c6 2. d4 d5 3. Nf3 dxc4 4. e4 b5 5. b3 cxb3 6. axb3 f5 7. exf5 Bxf5 8.
Be2 Nf6 9. Nh4 Bxb1 10. Rxb1 Nd5 11. Bh5+ g6 12. Nxg6 hxg6 13. Bxg6+ Kd7 14.
Bg5 Kc7 15. Qc2 Qd6 16. Be4 Nf6 17. Rc1 Bh6 18. Bxh6 Rxh6 19. Bf3 Rh4 20. Qc5
Kd7 21. Qxd6+ Kxd6 22. Rd1 Na6 23. g3 Rh3 24. Bg2 Rh5 25. h3 Nb4 26. Ke2 Rd8
27. Rc1 Kc7 28. Ke3 e5 29. Rhd1 Nfd5+ 30. Bxd5 exd4+ 31. Rxd4 Nxd5+ 32. Kf3
Rxh3 33. Ra1 Kb8 34. Rc1 Rh6 35. Kg2 b4 36. Rdc4 Rdd6 37. Rg4 a6 38. Rg7 Rhg6
39. Rxg6 Rxg6 40. Rc5 Ka7 41. Kh3 Re6 42. Rc2 Rf6 43. Kg2 Kb7 44. Rd2 Re6 45.
Kh3 Re1 46. Rb2 a5 47. g4 Re2 48. Rxe2 Nf4+ 49. Kh4 Nxe2 50. g5 a4 51. g6 axb3
52. g7 b2 53. g8=Q b1=Q 54. Qf7+ Kb6 55. Qe7 Qh1+ 56. Kg5 Qd5+ 57. Kh6 Qd2+ 58.
Kg7 b3 59. Qf8 b2 60. Qb8+ Kc5 61. Qa7+ Kc4 62. Qa4+ Kd5 63. Qb3+ Kc5 64. Qb7
Qg5+ 65. Kf7 Qf5+ 66. Kg8 b1=Q 67. Qxb1 Qxb1 68. Kf8 Nf4 69. Ke7 Qg6 70. Kd8
70... Qd6+ {Hossa resigns} 0-1

[Event "ICS rated blitz match"]
[Site "207.99.83.227"]
[Date "1999.05.19"]
[Round "?"]
[White "rajah"]
[Black "Hossa"]
[Result "1-0"]
[WhiteElo "2487"]
[BlackElo "2431"]
[PlyCount "86"]

1. c4 c5 2. Nc3 g6 3. g3 Bg7 4. Bg2 Nc6 5. e4 Nf6 6. Nge2 O-O 7. O-O d6 8. d3
Qd7 9. Be3 Ng4 10. Qd2 f5 11. Rae1 fxe4 12. Nxe4 Qc7 13. Nf4 e6 14. Qe2 Nge5
15. h4 Qe7 16. h5 g5 17. Nxg5 Nd4 18. Bxd4 Qxg5 19. Bc3 Rb8 20. b4 b6 21. Rd1
Bd7 22. d4 cxd4 23. Rxd4 Nf7 24. Rd3 Bxc3 25. Rxc3 Rbe8 26. Re3 Ne5 27. Rd1 Ng4
28. Ra3 e5 29. Nh3 Qxh5 30. Rxa7 Bc8 31. Rxd6 Re6 32. c5 bxc5 33. bxc5 Rh6 34.
f3 Nf6 35. g4 Qh4 36. Qxe5 Rg6 37. Ra8 Bd7 38. Rxf8+ Kxf8 39. Nf4 Rh6 40. Nh5
Kf7 41. Nxf6 Qh2+ 42. Qxh2 Rxh2 43. Rxd7+ 43... Kxf6 {Hossa resigns} 1-0

[Event "ICS rated blitz match"]
[Site "207.99.83.227"]
[Date "1999.05.19"]
[Round "?"]
[White "Hossa"]
[Black "Quaestor"]
[Result "0-1"]
[WhiteElo "2418"]
[BlackElo "2724"]
[PlyCount "87"]

1. c4 Nf6 2. g3 g6 3. Bg2 Bg7 4. Nf3 O-O 5. O-O d6 6. d4 Nbd7 7. Bf4 c5 8. e3
h6 9. h4 Nh5 10. Nc3 cxd4 11. exd4 Nxf4 12. gxf4 Nb6 13. Qe2 Bg4 14. Qe4 Nxc4
15. Qxb7 Rb8 16. Qa6 Bxf3 17. Qxc4 Bxg2 18. Kxg2 Rxb2 19. Rab1 Rd2 20. Rfd1
Qa8+ 21. Kg1 Rc8 22. Qd5 Rxd1+ 23. Rxd1 Bf6 24. Kg2 Bxh4 25. Rh1 Bf6 26. Rxh6
Kg7 27. Qxa8 Rxa8 28. Rh3 Bxd4 29. Nd5 e6 30. Rd3 Bc5 31. Nc3 d5 32. f5 gxf5
33. Nxd5 exd5 34. Rxd5 Rc8 35. Rxf5 Kg6 36. Rf4 Bb6 37. a4 Rc2 38. Kg1 f5 39.
Kg2 Kg5 40. Rf3 f4 41. Kh3 Rxf2 42. Rb3 Kf5 43. a5 Be3 44. Rb8 {Hossa resigns}
0-1

[Event "ICS Rated blitz match"]
[Site "207.99.83.227"]
[Date "1999.05.19"]
[Round "?"]
[White "rajah"]
[Black "Hossa"]
[Result "1-0"]
[WhiteElo "2500"]
[BlackElo "2413"]
[PlyCount "49"]

1. e4 g6 2. f4 Nf6 3. Nc3 d5 4. e5 Nh5 5. d4 Bh6 6. Qf3 Nc6 7. Bb5 O-O 8. Bxc6
bxc6 9. g4 Nf6 10. exf6 exf6 11. Nge2 f5 12. g5 Bg7 13. Be3 Re8 14. O-O-O Qe7
15. Bf2 Qb4 16. a3 Qb7 17. Rhe1 Rb8 18. Na4 a5 19. Rd3 Be6 20. h4 Qa6 21. h5
Qb5 22. Nec3 Qc4 23. Nc5 a4 24. N3xa4 Ra8 25. Nc3 {Hossa resigns} 1-0